000 00327 a2200157 4500
001 186089
020 _a0-435-27190-3
040 _cMagnum
100 _aShelley, Mary
240 1 0 _aFrankenstein
_lING
245 1 0 _aFrankenstein
300 _a
362 0 _a2000
697 _aLITERATURA JUVENIL ESTRANGEIRA
942 _cBK
999 _c186089
_d186089